000 006060000a22001690004500
003 MACL
005 20160220132028.0
008 160220b xxu||||| |||| 00| 0 eng d
040 _aMACL
_cMACL
041 _aHindi
082 _a370
245 _aप्रौढ शिक्षा में सामाजिक और राजनैतिक अत्‍तर दायित्‍व
260 _bअन्डियन एडल्‍ट ऐजूकेशन एसोसिएशन
_c1957
_aनई दिल्‍ली
350 _a3
650 _aEducation
_939206
942 _cHIN
_k370
_2ddc
999 _c24695
_d24695